Loading...
| MB | 1 | 4 | 1 | 2 | 50 | 62 | 94.40 | 1 | 5 | 0.00 | 0.00 |
| BB | 1 | 1 | 0 | 0 | 25 | 65 | 90.50 | 1 | 2 | 0.00 | 0.00 |
| RR | 0 | 2 | 0 | 0 | 20 | 85 | 94.50 | 1 | 2 | 0.00 | 0.00 |
| AG | 0 | 1 | 0 | 0 | 10 | 82 | 82.00 | 1 | 1 | 0.00 | 0.00 |
| AW | 0 | 1 | 1 | 1 | 5 | 128 | 128.00 | 0 | 0 | 0.00 | 0.00 |
| TR | 0 | 0 | 0 | 0 | 0 | 0.00 | 0 | 0 | 0.00 | 0.00 | |
| KD | 0 | 0 | 1 | 0 | -5 | 0.00 | 0 | 0 | 0.00 | 0.00 | |
| RC | 0 | 0 | 1 | 0 | -5 | 0.00 | 0 | 0 | 0.00 | 0.00 |
| AW | Saturn | -5 | 43 |
| MB | Sophus Lie | 15 | 62 |
| MB | Zagreus | -5 | 65 |
| BB | obstructive sleep apnea | 15 | 65 |
| KD | William Faulkner | -5 | 65 |
| MB | the Moon | 10 | 71 |
| AG | Richard III | 10 | 82 |
| MB | wine industry | 10 | 82 |
| RR | The Spirit Catches You and You Fall Down | 10 | 85 |
| RR | databases | 10 | 104 |